000 00767nam a2200289Ia 4500
005 20260324112511.0
008 008 260324s9999 xx 000 0 eng d
020 _a9781003506362
037 _aEBOOK
040 _aCRL
040 _beng
040 _cCRL
041 _2eng
041 _aeng
084 _qCRL
100 _aRishabha Malviya; Pramod Kumar Srivastava; Swati Verma; Shashikant Srivastava
_91142957
245 0 _aPharma Marketing and Pharmacoeconomics
245 0 _bOpportunities, Challenges, and the Way Forward
260 _bTaylor and Francis
260 _c2024
365 _a
365 _b385
856 _uhttp://www.taylorfrancis.com/books/9781003506362
942 _cEBOOK
999 _c1732192
_d1732192